Statystyki dla TOP 5 Największych Miast Azerbejdżanu

Kliknij tutaj aby rozwiązać quiz!

Ogólne statystyki

  • Ten quiz został rozwiązany 24 razy
  • Średni wynik to 2 z 5

Statystyki odpowiedzi

MiejscePołożenieLudnośćMiasto% Poprawnych
1.Wschodnie1 mlnBaku
100%
2.Zachodnie300 tysGandża
30%
3.Wschodnie300 tysSumgait
15%
4.Centralne100 tysMingeczaur
5%
5.Wschodnie90 tysXirdalan
5%

Rozkład punktacji

Percentyl według liczby udzielonych odpowiedzi

Procent ludzi z każdym wynikiem

Twoja historia wyników

Nie rozwiązałeś tego quizu